00984nam a22002777a 4500003000500000005001700005008004100022010001000063011001000073020001800083035001100101040000900112082001600121245015200137260007500289300003800364490002900402500005000431650003300481650003600514650002300550650002000573700004300593700004100636830002900677CHAP20220329143441.0091005s2008 mx a r 00010 spa d a96822 a97794 a9789688961605 a108465 cCHAP04a551.46bC1700aCaracterización ambiental del área El Rincón, Cabo del Este, B.C.S.c/compilado por Alejandro Álvarez Arellano y César Martínez Noriega aLa Paz, B.C.S. :bUniversidad Autónoma de Baja California Sur,c2008 a112 p. :bilus., gráfs., tablas aCuadernos universitarios aLa biblioteca tiene: Pte. 1 El medio físico14aGeologíaxBaja California.14aHidrografíaxBaja California.14aImpacto ambiental.14aMedio ambiente.1 aÁlvarez Arellano, Alejandroe, comp.1 aMartínez Noriega, Césare, comp.0 aCuadernos universitarios